The history of William H. Brown & Son (Record no. 107666)

MARC details
000 -LEADER
fixed length control field 00538cam a22001935a 4500
001 - CONTROL NUMBER
control field L141443
008 - FIXED-LENGTH DATA ELEMENTS--GENERAL INFORMATION
fixed length control field 071126s1976 xxk f 000 0ceng d
035 ## - SYSTEM CONTROL NUMBER
System control number (Sirsi) u141443
041 0# - LANGUAGE CODE
Language code of text/sound track or separate title eng
050 04 - LIBRARY OF CONGRESS CALL NUMBER
Classification number 920 $2 18
110 2# - MAIN ENTRY--CORPORATE NAME
Corporate name or jurisdiction name as entry element William H. Brown and Son
9 (RLIN) 1016
245 04 - TITLE STATEMENT
Title The history of William H. Brown & Son
Remainder of title 1896-1976
260 ## - PUBLICATION, DISTRIBUTION, ETC.
Place of publication, distribution, etc. [Great Britain]
Name of publisher, distributor, etc. s.n.
Date of publication, distribution, etc. [1976]
300 ## - PHYSICAL DESCRIPTION
Extent [8] p.
Dimensions 23 cm.
520 ## - SUMMARY, ETC.
Summary, etc. A history of the firm of William H. Brown & Son.
651 #4 - SUBJECT ADDED ENTRY--GEOGRAPHIC NAME
Geographic name United Kingdom
Chronological subdivision
690 ## - LOCAL SUBJECT ADDED ENTRY--TOPICAL TERM (OCLC, RLIN)
Topical term or geographic name as entry element PROPERTY
942 ## - ADDED ENTRY ELEMENTS (KOHA)
Suppress in OPAC 0
Holdings
Withdrawn status Lost status Source of classification or shelving scheme Damaged status Not for loan Home library Current library Shelving location Date acquired Total Checkouts Full call number Barcode Date last seen Copy number Price effective from Koha item type
    Dewey Decimal Classification     London London Reference copy 26/11/2007   920 WIL 30074472 06/08/2019 1 06/08/2019 Book